پہاڑ پراگ / (Record no. 106106)

MARC details
000 -LEADER
fixed length control field 00882nam a22002657a 4500
005 - DATE AND TIME OF LATEST TRANSACTION
control field 20170123162303.0
010 ## - LIBRARY OF CONGRESS CONTROL NUMBER
LC control number A-518502
020 ## - INTERNATIONAL STANDARD BOOK NUMBER
Terms of availability 80.00
International Standard Book Number 8172011539
035 ## - SYSTEM CONTROL NUMBER
System control number A-518502
037 ## - SOURCE OF ACQUISITION
Source of stock number/acquisition Cen Lib/Ret
040 ## - CATALOGING SOURCE
Original cataloging agency DPL
Language of cataloging UR
082 ## - DEWEY DECIMAL CLASSIFICATION NUMBER
Classification number ن
Item number ڑ ے س
100 ## - MAIN ENTRY--PERSONAL NAME
Personal name دسیی، انیتا
9 (RLIN) 137675
245 ## - TITLE STATEMENT
Title پہاڑ پراگ /
Statement of responsibility, etc انتا دسیی : مترجم راجندر
246 ## - VARYING FORM OF TITLE
Remainder of title Paharh parag /
Title proper/short title by Anita Sesayi ; mutrajam Rajandar
260 ## - PUBLICATION, DISTRIBUTION, ETC. (IMPRINT)
Place of publication, distribution, etc نئی دہلی
Date of publication, distribution, etc 1994
Name of publisher, distributor, etc سآ ہتیہ اکادمی
270 ## - ADDRESS
City نئی دہلی
Address رویندرا بھوں 35 فیروز شاہ رود
Postal code 110001
300 ## - PHYSICAL DESCRIPTION
Extent 191p.
Dimensions 20cm(Hb)
650 ## - SUBJECT ADDED ENTRY--TOPICAL TERM
Topical term or geographic name as entry element اردو ادب
9 (RLIN) 137676
650 ## - SUBJECT ADDED ENTRY--TOPICAL TERM
Topical term or geographic name as entry element اردو ناول
9 (RLIN) 137677
650 ## - SUBJECT ADDED ENTRY--TOPICAL TERM
Topical term or geographic name as entry element Urdu literature
9 (RLIN) 137678
650 ## - SUBJECT ADDED ENTRY--TOPICAL TERM
Topical term or geographic name as entry element Urdu novel
9 (RLIN) 137679
700 ## - ADDED ENTRY--PERSONAL NAME
Personal name راجندر
9 (RLIN) 137680
942 ## - ADDED ENTRY ELEMENTS (KOHA)
Source of classification or shelving scheme Dewey Decimal Classification
Koha item type Urdu Bks
Classification part ن
Call number suffix ڑ ے س
Holdings
Withdrawn status Lost status Damaged status Not for loan Home library Current library Date acquired Source of acquisition Cost, normal purchase price Total Checkouts Full call number Barcode Date last seen Copy number Cost, replacement price Price effective from Koha item type
        Central Library Central Library 14/12/2015 Cen Lib/Ret 80.00   ن ڑ ے س A-518502 14/12/2015 1 80.00 14/12/2015 Urdu Bks

© Delhi Public Library
Hit Counter
free hit counter